Statystyki dla Quiz o Chorwacji

Kliknij tutaj aby rozwiązać quiz!

Ogólne statystyki

  • Ten quiz został rozwiązany 4 378 razy
  • Średni wynik to 11 z 18

Statystyki odpowiedzi

WskazówkaOdpowiedź% Poprawnych
StolicaZagrzeb
98%
Chorwacja była częścią tego państwa
w latach 1918–1991
Jugosławia
89%
Międzynarodowa organizacja, do której Chorwacja
dołączyła w 2013 roku
Unia Europejska
87%
Kraj, z którym Chorwacja
dzieli najdłuższą granicę
Bośnia i Hercegowina
84%
WalutaEuro
79%
Morze, nad którym leży ChorwacjaMorze Adriatyckie
77%
Półwysep, na którym leży ChorwacjaBałkański
75%
Piłkarz, który wygrał
Złotą Piłkę w 2018 roku
Luka Modrić
67%
Drugie miasto pod względem wielkościSplit
66%
Dwuliterowy kod krajuhr
61%
Najpopularniejszy odłam chrześcijaństwaRzymskokatolicyzm
54%
Włoskie miasto, które w średniowieczu kontrolowało większość
wybrzeża Chorwacji
Wenecja
53%
Miasto otoczone murami, dawniej zwane Ragusą,
które znajduje się na Liście Światowego Dziedzictwa UNESCO
Dubrownik
47%
Region obejmujący południową
część Chorwacji (podpowiedź: rasa psa)
Dalmacja
46%
Pasmo górskie ChorwacjiAlpy Dynarskie
31%
Dwie największe wyspy (podaj jedną)Cres | Krk
31%
Półwysep północno-zachodniej ChorwacjiIstria
25%
Cesarz rzymski, który na powyższym terenie zbudował
pałac
Dioklecjan
18%

Rozkład punktacji

Percentyl według liczby udzielonych odpowiedzi

Procent ludzi z każdym wynikiem

Twoja historia wyników

Nie rozwiązałeś tego quizu